Brave (Record no. 23089)
[ view plain ]
| 000 -LEADER | |
|---|---|
| fixed length control field | 04627cgm a22009375c 4500 |
| 001 - CONTROL NUMBER | |
| control field | 10183228 |
| 005 - DATE AND TIME OF LATEST TRANSACTION | |
| control field | 20161115115122.0 |
| 007 - PHYSICAL DESCRIPTION FIXED FIELD--GENERAL INFORMATION | |
| fixed length control field | vd cvaizq |
| 008 - FIXED-LENGTH DATA ELEMENTS--GENERAL INFORMATION | |
| fixed length control field | 130227t2012 c 093 j vaeng d |
| 020 ## - INTERNATIONAL STANDARD BOOK NUMBER | |
| International Standard Book Number | 8717418366971 |
| 024 1# - OTHER STANDARD IDENTIFIER | |
| Standard number or code | 786936813111 |
| 024 1# - OTHER STANDARD IDENTIFIER | |
| Standard number or code | BUA0182601 |
| 028 42 - PUBLISHER NUMBER | |
| Publisher number | 10676300 |
| Source | Disney |
| 028 42 - PUBLISHER NUMBER | |
| Publisher number | 8026761 |
| Source | Disney |
| 028 42 - PUBLISHER NUMBER | |
| Publisher number | 106763 |
| Source | Disney |
| 035 ## - SYSTEM CONTROL NUMBER | |
| System control number | (OCoLC)ocn809950145 |
| 035 ## - SYSTEM CONTROL NUMBER | |
| System control number | (OCoLC)809950145 |
| Canceled/invalid control number | (OCoLC)811780960 |
| 035 ## - SYSTEM CONTROL NUMBER | |
| System control number | (NNC)10183228 |
| 037 ## - SOURCE OF ACQUISITION | |
| Source of stock number/acquisition | Midwest Tape |
| Note | http://www.midwesttapes.com |
| 040 ## - CATALOGING SOURCE | |
| Original cataloging agency | LPU |
| Transcribing agency | LPU |
| Modifying agency | OCLCO |
| -- | TEF |
| -- | TEFMT |
| -- | OCLCO |
| -- | TEF |
| -- | IMD |
| -- | BKX |
| -- | GK8 |
| -- | IA4 |
| -- | JO6 |
| -- | UPZ |
| -- | VP@ |
| -- | DAC |
| -- | TXI |
| -- | EG-ScBUE |
| 041 1# - LANGUAGE CODE | |
| Language code of text/sound track or separate title | eng |
| -- | fre |
| -- | spa |
| Language code of subtitles or captions | eng |
| -- | fre |
| -- | spa |
| Language code of original and/or intermediate translations of text | eng |
| 043 ## - GEOGRAPHIC AREA CODE | |
| Geographic area code | e-uk-st |
| 082 04 - DEWEY DECIMAL CLASSIFICATION NUMBER | |
| Classification number | 791.4372 |
| Item number | BRA |
| Edition number | 22 |
| 130 0# - MAIN ENTRY--UNIFORM TITLE | |
| Uniform title | Brave (Motion picture) |
| 245 10 - TITLE STATEMENT | |
| Title | Brave |
| Medium | [videorecording] / |
| Statement of responsibility, etc | Disney presents a Pixar Animation Studios film ; directed by Mark Andrews and Brenda Chapman ; produced by Katherine Sarafian ; executive producers, John Lasseter, Andrew Stanton, Pete Docter ; story by Brenda Chapman ; screenplay by Mark Andrews, Steve Purcell and Brenda Chapman & Irene Mecchi. |
| 260 ## - PUBLICATION, DISTRIBUTION, ETC. (IMPRINT) | |
| Place of publication, distribution, etc | Burbank : |
| Name of publisher, distributor, etc | Disney : |
| -- | Distributed by Buena Vista Home Entertainment, |
| Date of publication, distribution, etc | c.2012. |
| 300 ## - PHYSICAL DESCRIPTION | |
| Extent | 1 videodisc (93 min.) : |
| Other physical details | sd., col. ; |
| Dimensions | 4 3/4 in. |
| 490 0# - SERIES STATEMENT | |
| Series statement | Disney DVD |
| 500 ## - GENERAL NOTE | |
| General note | Originally released as a motion picture in 2012. |
| 500 ## - GENERAL NOTE | |
| General note | Bonus features: "La luna" theatrical short; "The legend of Mordu" short; Audio commentary with director Mark Andrews, co-director Steve Purcell, story supervisor Brian Larsen, and editor Nick Smith. |
| 508 ## - CREATION/PRODUCTION CREDITS NOTE | |
| Creation/production credits note | Original score composed by Patrick Doyle ; film editor, Nicholas C. Smith ; production designer, Steve Pilcher ; director of photography, Robert Anderson (camera), Danielle Feinberg (lighting). |
| 511 1# - PARTICIPANT OR PERFORMER NOTE | |
| Participant or performer note | Voices : Kelly Macdonald, Billy Connolly, Emma Thompson, Julie Walters, Robbie Coltrane, Kevin McKidd, Craig Ferguson, Patrick Doyle, John Ratzenberger. |
| 520 ## - SUMMARY, ETC. | |
| Summary, etc | Princess Merida, an archer and self-reliant young woman, makes a decision which defies custom and brings chaos to her kingdom. To restore her kingdom, she must rely on her bravery and archery skills. |
| 521 8# - TARGET AUDIENCE NOTE | |
| Target audience note | MPAA rating : PG ; for some scary action and rude humor. |
| 538 ## - SYSTEM DETAILS NOTE | |
| System details note | DVD, region 1 ; widescreen (2.39:1) presentation ; Dolby Digital, 2.0 surround (English), 5.1 surround (English, French and Spanish). |
| 546 ## - LANGUAGE NOTE | |
| Language note | English, French or Spanish dialogue; Spanish, English or French subtitles. English subtitles for the deaf and hard-of-hearing. Audio described. |
| 650 #0 - SUBJECT ADDED ENTRY--TOPICAL TERM | |
| Topical term or geographic name as entry element | Archers |
| Geographic subdivision | Scotland |
| Form subdivision | Drama. |
| Source of heading or term | BUEsh |
| 650 #0 - SUBJECT ADDED ENTRY--TOPICAL TERM | |
| Topical term or geographic name as entry element | Magic |
| Form subdivision | Drama. |
| Source of heading or term | BUEsh |
| 650 #0 - SUBJECT ADDED ENTRY--TOPICAL TERM | |
| Topical term or geographic name as entry element | Princesses |
| Form subdivision | Drama. |
| Source of heading or term | BUEsh |
| 9 (RLIN) | 35281 |
| 650 #0 - SUBJECT ADDED ENTRY--TOPICAL TERM | |
| Topical term or geographic name as entry element | Archers |
| Geographic subdivision | Scotland |
| Form subdivision | Juvenile drama. |
| Source of heading or term | BUEsh |
| 650 #0 - SUBJECT ADDED ENTRY--TOPICAL TERM | |
| Topical term or geographic name as entry element | Magic |
| Form subdivision | Juvenile drama. |
| Source of heading or term | BUEsh |
| 650 #7 - SUBJECT ADDED ENTRY--TOPICAL TERM | |
| Topical term or geographic name as entry element | Tiro con arco |
| Geographic subdivision | Escocia |
| Form subdivision | Teatro. |
| Source of heading or term | BUEsh |
| 650 #7 - SUBJECT ADDED ENTRY--TOPICAL TERM | |
| Topical term or geographic name as entry element | Magia |
| Form subdivision | Teatro. |
| Source of heading or term | BUEsh |
| 651 #0 - SUBJECT ADDED ENTRY--GEOGRAPHIC NAME | |
| Geographic name | Scotland |
| Form subdivision | Drama. |
| Source of heading or term | BUEsh |
| 651 #0 - SUBJECT ADDED ENTRY--GEOGRAPHIC NAME | |
| Geographic name | Scotland |
| Form subdivision | Juvenile drama. |
| Source of heading or term | BUEsh |
| 651 #7 - SUBJECT ADDED ENTRY--GEOGRAPHIC NAME | |
| Geographic name | Escocia |
| Form subdivision | Teatro. |
| Source of heading or term | BUEsh |
| 653 ## - INDEX TERM--UNCONTROLLED | |
| Resource For college | |
| -- | Humanities: English |
| Arrived date list | November2016 |
| 655 #7 - INDEX TERM--GENRE/FORM | |
| Genre/form data or focus term | Feature films. |
| Source of term | BUEsh |
| 655 #7 - INDEX TERM--GENRE/FORM | |
| Genre/form data or focus term | Children's films. |
| Source of term | BUEsh |
| 655 #7 - INDEX TERM--GENRE/FORM | |
| Genre/form data or focus term | Fiction films. |
| Source of term | BUEsh |
| 655 #7 - INDEX TERM--GENRE/FORM | |
| Genre/form data or focus term | Computer animation films. |
| Source of term | BUEsh |
| 655 #7 - INDEX TERM--GENRE/FORM | |
| Genre/form data or focus term | Animated films. |
| Source of term | BUEsh |
| 655 #7 - INDEX TERM--GENRE/FORM | |
| Genre/form data or focus term | Video recordings for the hearing impaired. |
| Source of term | BUEsh |
| 655 #7 - INDEX TERM--GENRE/FORM | |
| Genre/form data or focus term | Video recordings for people with visual disabilities. |
| Source of term | BUEsh |
| 700 1# - ADDED ENTRY--PERSONAL NAME | |
| Personal name | Andrews, Mark, |
| Relator term | screenwriter. |
| 700 1# - ADDED ENTRY--PERSONAL NAME | |
| Personal name | Chapman, Brenda, |
| Relator term | director. |
| 700 1# - ADDED ENTRY--PERSONAL NAME | |
| Personal name | Sarafian, Katherine, |
| Relator term | producer. |
| 700 1# - ADDED ENTRY--PERSONAL NAME | |
| Personal name | Lasseter, John, |
| Relator term | producer. |
| 700 1# - ADDED ENTRY--PERSONAL NAME | |
| Personal name | Stanton, Andrew, |
| Relator term | producer. |
| 700 1# - ADDED ENTRY--PERSONAL NAME | |
| Personal name | Docter, Pete, |
| Relator term | producer. |
| 700 1# - ADDED ENTRY--PERSONAL NAME | |
| Personal name | Purcell, Steve, |
| Dates associated with a name | 1961- |
| Relator term | director, |
| -- | screenwriter, |
| -- | actor. |
| 700 1# - ADDED ENTRY--PERSONAL NAME | |
| Personal name | Mecchi, Irene, |
| Relator term | screenwriter. |
| 700 1# - ADDED ENTRY--PERSONAL NAME | |
| Personal name | Doyle, Patrick, |
| Dates associated with a name | 1953- |
| Relator term | composer. |
| 700 1# - ADDED ENTRY--PERSONAL NAME | |
| Personal name | Smith, Nicholas C., |
| Relator term | film editor. |
| 700 1# - ADDED ENTRY--PERSONAL NAME | |
| Personal name | Pilcher, Steve, |
| Relator term | designer. |
| 700 1# - ADDED ENTRY--PERSONAL NAME | |
| Personal name | Anderson, Robert. |
| Relator term | cinematographer |
| 700 1# - ADDED ENTRY--PERSONAL NAME | |
| Personal name | Feinberg, Danielle. |
| Relator term | cinematographer |
| 700 1# - ADDED ENTRY--PERSONAL NAME | |
| Personal name | MacDonald, Kelly, |
| Dates associated with a name | 1976- |
| Relator term | actor. |
| 700 1# - ADDED ENTRY--PERSONAL NAME | |
| Personal name | Connolly, Billy. |
| Relator term | actor. |
| 700 1# - ADDED ENTRY--PERSONAL NAME | |
| Personal name | Thompson, Emma. |
| Relator term | actor. |
| 700 1# - ADDED ENTRY--PERSONAL NAME | |
| Personal name | Walters, Julie, |
| Dates associated with a name | 1950- |
| Relator term | actor. |
| 700 1# - ADDED ENTRY--PERSONAL NAME | |
| Personal name | Coltrane, Robbie. |
| Relator term | actor. |
| 700 1# - ADDED ENTRY--PERSONAL NAME | |
| Personal name | McKidd, Kevin. |
| Relator term | actor. |
| 700 1# - ADDED ENTRY--PERSONAL NAME | |
| Personal name | Ferguson, Craig, |
| Dates associated with a name | 1962- |
| Relator term | actor. |
| 700 1# - ADDED ENTRY--PERSONAL NAME | |
| Personal name | Doyle, Patrick, |
| Dates associated with a name | 1953- |
| Relator term | actor. |
| 700 1# - ADDED ENTRY--PERSONAL NAME | |
| Personal name | Ratzenberger, John. |
| Relator term | actor. |
| 710 2# - ADDED ENTRY--CORPORATE NAME | |
| Corporate name or jurisdiction name as entry element | Walt Disney Pictures. |
| 9 (RLIN) | 25012 |
| 710 2# - ADDED ENTRY--CORPORATE NAME | |
| Corporate name or jurisdiction name as entry element | Pixar (Firm) |
| 710 2# - ADDED ENTRY--CORPORATE NAME | |
| Corporate name or jurisdiction name as entry element | Buena Vista Home Entertainment (Firm) |
| 9 (RLIN) | 25034 |
| 942 ## - ADDED ENTRY ELEMENTS (KOHA) | |
| Source of classification or shelving scheme | Dewey Decimal Classification |
| Item type | |
| Withdrawn status | Lost status | Source of classification or shelving scheme | Damaged status | Not for loan | Koha collection | Location (home branch) | Sublocation or collection (holding branch) | Shelving location | Date acquired | Source of acquisition | Koha issues (times borrowed) | Koha full call number | Piece designation (barcode) | Koha date last seen | Koha date last borrowed | Price effective from | Koha item type |
|---|---|---|---|---|---|---|---|---|---|---|---|---|---|---|---|---|---|
| Dewey Decimal Classification | Baccah | Central Library | Central Library | Second Floor | 12/11/2016 | Purchase | 1 | 791.4372 BRA | 000034731 | 24/08/2022 | 21/11/2016 | 12/11/2016 | CD | DVD - (NB) |